000 01275nam a22003617a 4500
003 CHAP
005 20220329134858.0
008 971013s1978 r 00010 d
010 _a27389
011 _a28361
035 _a32465
040 _cCHAP
090 _aFolleto 6438 (1978)
100 0 0 _aKenaga, Eugene E.
_963007
245 _aCommercial and experimental organic insecticides ; indexed as to their scientific common and trade names, code desingnations, uses, toxicology and chemical structures
250 _aEd. rev.
260 _aCollege Park, Md. :
_bEntomological Society of America,
_c1978
300 _a79 p.
490 _aSpecial publication
_v; 78-1
590 _aBATCH-UPD
_b10
_c20130109
_lUCH01
_h2321
590 _aBATCH-UPD
_b10
_c20130110
_lUCH01
_h0308
590 _aBATCH-UPD
_b10
_c20130110
_lUCH01
_h1630
590 _aBATCH-UPD
_b10
_c20130409
_lUCH01
_h2340
590 _aBATCH-UPD
_b10
_c20130914
_lUCH01
_h1645
590 _aCONVERSION
_b10
_c20130109
_lUCH01
_h1316
650 1 4 _aInsecticidas.
_958855
650 1 4 _aInsecticidas
_xAnĂ¡lisis.
_958856
700 0 _aMorgan, Robert W.
_978803
830 0 _aSpecial publication
_v; 78-1
_9109152
901 _aBK
942 _cFOLL
949 _aFolleto 6438 (1978)
_bBC
_cFOLL
_d-75548
_eTS1
_i32465
_si
999 _c27389
_d27389